موسوعة الأوقاف : تشريعات الأوقاف / (رقم التسجيلة. 79601)

تفاصيل مارك
000 -LEADER
fixed length control field 00636nam a22002057a 4500
005 - DATE AND TIME OF LATEST TRANSACTION
control field 20251108172440.0
008 - FIXED-LENGTH DATA ELEMENTS--GENERAL INFORMATION
fixed length control field 250721s9999 xx 000 0 ara d
082 14 - DEWEY DECIMAL CLASSIFICATION NUMBER
Classification number م/344.096/حسا
100 1# - MAIN ENTRY--PERSONAL NAME
Personal name حسان، أحمد أمين
245 10 - TITLE STATEMENT
Title موسوعة الأوقاف : تشريعات الأوقاف /
264 1# - PRODUCTION, PUBLICATION, DISTRIBUTION, MANUFACTURE, AND COPYRIGHT NOTICE
Place of production, publication, distribution, manufacture الإسكندرية :
Name of producer, publisher, distributor, manufacturer منشأة المعارف،
300 ## - PHYSICAL DESCRIPTION
Extent ج1.
650 17 - SUBJECT ADDED ENTRY--TOPICAL TERM
Topical term or geographic name as entry element الوقف
650 17 - SUBJECT ADDED ENTRY--TOPICAL TERM
Topical term or geographic name as entry element المؤسسات الخيرية
650 17 - SUBJECT ADDED ENTRY--TOPICAL TERM
Topical term or geographic name as entry element القانون
650 17 - SUBJECT ADDED ENTRY--TOPICAL TERM
Topical term or geographic name as entry element الفتاوى
700 1# - ADDED ENTRY--PERSONAL NAME
Personal name عبدالهادي، فتحي
Relator term مؤلف مشارك
942 ## - ADDED ENTRY ELEMENTS (KOHA)
Source of classification or shelving scheme Dewey Decimal Classification
Koha item type مراجع
المقتنيات
حالة السحب حالة الفقدان مصدر التصنيف حالة التلف غير قابل للإعارة المكتبة الرئيسية المكتبة الحالية موقع الرف تاريخ التزويد الرقم المتسلسل Total Checkouts رقم الإستدعاء الباركود تاريخ آخر ظهور تاريخ الفاتورة نوع المادة (كوها)
    Dewey Decimal Classification   Not For Loan مكتبة صويلح العامة مكتبة صويلح العامة مراجع 22/04/2019 336624   م/344.096/حسا PLD00451496 28/07/2025 22/04/2019 مراجع
Implemented & Customized by: BBB with SCIT (Smart Chains for Information Technology)

Powered by Koha